La democracia en América Latina, un barco a la deriva (Record no. 21832)

MARC details
000 -LEADER
campo de control de longitud fija 01545nmc a2200541 a 4500
003 - IDENTIFICADOR DE NÚMERO DE CONTROL
campo de control AR-Y00000XR
005 - FECHA Y HORA DE LA ÚLTIMA TRANSACCIÓN
campo de control 20251128211951.0
008 - DATOS DE LONGITUD FIJA--INFORMACIÓN GENERAL
campo de control de longitud fija 137020s2007 ||||||||||||||000 | spa||
020 ## - NÚMERO INTERNACIONAL ESTÁNDAR DEL LIBRO
Número Internacional Estándar del Libro 978-950-557-691-3
040 ## - FUENTE DE CATALOGACIÓN
Centro/agencia transcriptor AR-Y00000XR
245 10 - MENCIÓN DEL TÍTULO
Título La democracia en América Latina, un barco a la deriva
250 ## - MENCION DE EDICION
Mención de edición 1ª ed.
260 ## - PUBLICACIÓN, DISTRIBUCIÓN, ETC.
Lugar de publicación, distribución, etc. Buenos Aires
Nombre del editor, distribuidor, etc. Fondo de Cultura Económica
Fecha de publicación, distribución, etc. 2007
300 0# - DESCRIPCIÓN FÍSICA
Extensión 582 p.
490 #0 - MENCIÓN DE SERIE
Mención de serie Sección de obras de política y derecho
650 #4 - PUNTO DE ACCESO ADICIONAL DE MATERIA--TÉRMINO DE MATERIA
Término de materia o nombre geográfico como elemento de entrada SOCIOLOGIA POLITICA
650 #4 - PUNTO DE ACCESO ADICIONAL DE MATERIA--TÉRMINO DE MATERIA
Término de materia o nombre geográfico como elemento de entrada DEMOCRACIA
650 #4 - PUNTO DE ACCESO ADICIONAL DE MATERIA--TÉRMINO DE MATERIA
Término de materia o nombre geográfico como elemento de entrada HISTORIA LATINOAMERICANA
650 #4 - PUNTO DE ACCESO ADICIONAL DE MATERIA--TÉRMINO DE MATERIA
Término de materia o nombre geográfico como elemento de entrada PAISES EN DESARROLLO
650 #4 - PUNTO DE ACCESO ADICIONAL DE MATERIA--TÉRMINO DE MATERIA
Término de materia o nombre geográfico como elemento de entrada CAMBIO SOCIAL
650 #4 - PUNTO DE ACCESO ADICIONAL DE MATERIA--TÉRMINO DE MATERIA
Término de materia o nombre geográfico como elemento de entrada GOLPES DE ESTADO
650 #4 - PUNTO DE ACCESO ADICIONAL DE MATERIA--TÉRMINO DE MATERIA
Término de materia o nombre geográfico como elemento de entrada DESIGUALDAD SOCIAL
650 #4 - PUNTO DE ACCESO ADICIONAL DE MATERIA--TÉRMINO DE MATERIA
Término de materia o nombre geográfico como elemento de entrada DEMOCRATIZACION
651 #4 - PUNTO DE ACCESO ADICIONAL DE MATERIA--NOMBRE GEOGRÁFICO
Nombre geográfico América Latina
653 #0 - TÉRMINO DE INDIZACIÓN--NO CONTROLADO
Término no controlado GLOBALIZACION
653 #0 - TÉRMINO DE INDIZACIÓN--NO CONTROLADO
Término no controlado MERCOSUR
700 1# - ENTRADA AGREGADA--NOMBRE PERSONAL
Nombre de persona Ansaldi, Waldo
Término indicativo de función/relación director
700 1# - ENTRADA AGREGADA--NOMBRE PERSONAL
Nombre de persona Alcàzar Garrido, Joan del
700 1# - ENTRADA AGREGADA--NOMBRE PERSONAL
Nombre de persona Brito, Alejandra
700 1# - ENTRADA AGREGADA--NOMBRE PERSONAL
Nombre de persona Caetano, Gerardo
700 1# - ENTRADA AGREGADA--NOMBRE PERSONAL
Nombre de persona Carrera Damas, Germán
700 1# - ENTRADA AGREGADA--NOMBRE PERSONAL
Nombre de persona Curzio, Leonardo
700 1# - ENTRADA AGREGADA--NOMBRE PERSONAL
Nombre de persona Ferrer, Aldo
700 1# - ENTRADA AGREGADA--NOMBRE PERSONAL
Nombre de persona Fontes, Virgínia
700 1# - ENTRADA AGREGADA--NOMBRE PERSONAL
Nombre de persona Giordano, Verónica
700 1# - ENTRADA AGREGADA--NOMBRE PERSONAL
Nombre de persona Mazzei, Leonardo
700 1# - ENTRADA AGREGADA--NOMBRE PERSONAL
Nombre de persona Paz y Miño Cepeda, Juan J.
700 1# - ENTRADA AGREGADA--NOMBRE PERSONAL
Nombre de persona Pucciarelli, Alfredo R.
700 1# - ENTRADA AGREGADA--NOMBRE PERSONAL
Nombre de persona Rilla, José
700 1# - ENTRADA AGREGADA--NOMBRE PERSONAL
Nombre de persona Rocha, Priscilla
700 1# - ENTRADA AGREGADA--NOMBRE PERSONAL
Nombre de persona Sala de Touron, Lucía
700 1# - ENTRADA AGREGADA--NOMBRE PERSONAL
Nombre de persona Soler, Lorena
700 1# - ENTRADA AGREGADA--NOMBRE PERSONAL
Nombre de persona Torres-Rivas, Edelberto
700 1# - ENTRADA AGREGADA--NOMBRE PERSONAL
Nombre de persona Velasco, José Luis
700 1# - ENTRADA AGREGADA--NOMBRE PERSONAL
Nombre de persona Vivallos, Carlos
942 ## - ELEMENTOS DE ENTRADA SECUNDARIOS (KOHA)
Tipo de ítem Koha Libros
998 ## - INFORMACIÓN DE CONTROL LOCAL (RLIN)
Iniciales del catalogador, CIN (RLIN) me-solo cat
Holdings
Estatus retirado Estado de pérdida Fuente de la clasificación o esquema de estantería Estado de daño No para préstamo Biblioteca de origen Biblioteca actual Fecha de adquisición Fuente de adquisición Total de préstamos Signatura topográfica completa Código de barras Visto por última vez Precio de reemplazo Tipo de ítem Koha
    Clasificación Decimal Dewey     Liberty Liberty 28/11/2025 C-BP-021   321 ANS 145711 28/11/2025 28/11/2025 Libros
    Clasificación Decimal Dewey     Liberty Liberty 28/11/2025 C-BP-021   321 ANS 145714 28/11/2025 28/11/2025 Libros